Statistiques concernant Pays les plus similaires en taille à la France

Cliquez ici pour prendre le quiz!

Statistiques générales

  • Ce quiz a été pris 203 fois
  • Le résultat moyen est 8 sur 14

Statistiques - réponses

640,659 km2France% Correct
756,102 km2Amerique du sudChili
75%
513,120 km2AsieThailande
74%
603,500 km2EuropeUkraine
66%
580,367 km2AfriqueKenya
63%
676,578 km2AsieBirmanie
62%
752,612 km2AfriqueZambie
55%
637,657 km2AfriqueSomalie
54%
581,730 km2AfriqueBotswana
52%
783,562 km2AsieTurquie
51%
619,745 km2AfriqueSoudan du sud
49%
622,984 km2AfriqueRépublique centrafricaine
45%
652,230 km2AsieAfghanistan
44%
527,968 km2AsieYemen
39%
587,041 km2AfriqueMadagascar
35%

Distribution des résultats

Percentile par nombre de réponses

% des personnes avec chaque résultat

Votre développement - résultats

Vous n’avez pas pris ce quiz